00611nam a2200145Ia 4500008004100000100001400041245011900055245010900174260000900283300001100292650001300303856005700316999001900373952007300392170221s9999 xx 000 0 und d aSoeb Pawi 4aThe Malaysian Transformation of Assessment Tax. Management in Local Governments (LGs) Based on Star Rating Concept cSoeb Pawi, Wan Zahari Wan Yusoff, Norjariah Arif, Fazira Shafie Amilia Hasbullah and Nurhayati Md Salleh c2015 a10 : 2 xBusiness uhttp://www.scienpress.com/Upload/BEJ/Vol%201_1_7.pdf c313622d313622 001040aCLbCLd2017-02-21l0r2017-02-21 00:00:00w2017-02-21yFOJ